Chronicum Regum (Record no. 8027)

MARC details
000 -CABECERA
campo de control de longitud fija 01175nam a2200289 a 4500
001 - NÚMERO DE CONTROL
campo de control BRCA_8359
005 - FECHA Y HORA DE LA ÚLTIMA TRANSACCIÓN
campo de control 20190320210240.0
008 - DATOS DE LONGITUD FIJA--INFORMACIÓN GENERAL
campo de control de longitud fija 230714s1534----sz-####f##---#001-0#lat-#
041 ## - CÓDIGO DE LENGUA
Código de lengua del texto/banda sonora o título independiente lat
044 ## - CÓDIGO DEL PAÍS DE LA ENTIDAD EDITORA/PRODUCTORA
Código MARC del país sz
050 #4 - SIGNATURA TOPOGRÁFICA DE LA BIBLIOTECA DEL CONGRESO
Número de clasificación D51
Número de documento/Ítem .P57
-- 1534
100 1# - ENTRADA PRINCIPAL--NOMBRE DE PERSONA
Nombre de persona Phrygione, Paulo Constantino
9 (RLIN) 20935
245 10 - MENCIÓN DE TÍTULO
Título Chronicum Regum
Resto del título regnorumque omnium catalogum et perpe tuum ab exordio mundi temporum, seculorum css seriem complectens, ex optimis quibusch Hebraeis, Graecis & Latinus autoribus congestum
Mención de responsabilidad, etc. Paulo Constantino Phrygione autore.
260 ## - PUBLICACIÓN, DISTRIBUCIÓN, ETC.
Lugar de publicación, distribución, etc. Basilea Suiza
Nombre del editor, distribuidor, etc. Apud Iohan Hervag
Fecha de publicación, distribución, etc. 1534
300 ## - DESCRIPCIÓN FÍSICA
Extensión 516 p.
Otras características físicas il.
Dimensiones 33 cm
500 ## - NOTA GENERAL
Nota general Ejemplar resguardado en Caja Fuerte
500 ## - NOTA GENERAL
Nota general En lomo: Constantino. PAULO C: PHRYGIONE CRONICUM. BASIL 1534
500 ## - NOTA GENERAL
Nota general Edicion forrada en pergamino con cantos marmoleados
500 ## - NOTA GENERAL
Nota general Incluye índice alfabético de autores de crónicas
500 ## - NOTA GENERAL
Nota general R-88
500 ## - NOTA GENERAL
Nota general Con Ex-libris de: Franz Mayer
506 0# - NOTA DE RESTRICCIONES AL ACCESO
Limitaciones de acceso Fondo reservado: para su consulta es necesario credencial de usuario y carta de motivos
650 14 - PUNTO DE ACCESO ADICIONAL DE MATERIA--TÉRMINO DE MATERIA
Término de materia o nombre geográfico como elemento de entrada Crónicas de reyes
9 (RLIN) 20936
650 14 - PUNTO DE ACCESO ADICIONAL DE MATERIA--TÉRMINO DE MATERIA
Término de materia o nombre geográfico como elemento de entrada Línea de tiempo
9 (RLIN) 20937
902 ## - CATALOGADOR
Iniciales LAR
942 ## - ELEMENTOS DE PUNTO DE ACCESO ADICIONAL (KOHA)
Fuente del sistema de clasificación o colocación Library of Congress Classification
Tipo de ítem Koha Libros
Holdings
Estado de retiro Estado de pérdida Estado dañado No para préstamo Localización permanente Ubicación/localización actual Fecha de adquisición Número de inventario Total de préstamos Signatura topográfica completa Código de barras Fecha visto por última vez Precio válido a partir de Tipo de ítem Koha
El ejemplar forma parte de la colección y puede ser consultado según las políticas vigentes.       Biblioteca del Museo Franz Mayer (Rogerio Casas-Alatriste) Biblioteca del Museo Franz Mayer (Rogerio Casas-Alatriste) 23/07/2014 R-88   D51 .P57 1534 (R-88) LAR00028 22/03/2019 22/03/2019 Libros